LEADER 01412nam a22002653i 4500 001 991002662939707536 005 20040218101757.0 008 040624s1974 it a||||||||||||||||ita 035 $ab12958335-39ule_inst 035 $aARCHE-091601$9ExL 040 $aDip.to Beni Culturali$bita$cA.t.i. Arché s.c.r.l. Pandora Sicilia s.r.l. 082 04$a333.3 111 2 $aConvegno internazionale sul tema I diritti locali delle province romane con particolare riguardo alle condizioni giuridiche del suolo$d<1971 ;$cRoma>$0487096 245 10$aAtti del convegno internazionale sul tema: i diritti locali nelle province romane con particolare riguardo alle condizioni giuridiche del suolo :$bRoma, 26-28 ottobre 1971 260 $aRoma :$bAccademia nazionale dei Lincei,$c1974 300 $a382 p. :$bill. ;$c27 cm 440 0$aProblemi attuali di scienza e di cultura 650 4$aProprietà provinciale (Diritto romano)$xCongressi$y1971 650 4$aCongressi$zRoma$y1971 907 $a.b12958335$b02-04-14$c12-07-04 912 $a991002662939707536 945 $aLE001 AN VIII 64$g1$i2001000052752$lle001$nC. 1$o-$pE0.00$q-$rl$s- $t0$u0$v0$w0$x0$y.i13559539$z12-07-04 996 $aAtti del convegno internazionale sul tema: i diritti locali nelle province romane con particolare riguardo alle condizioni giuridiche del suolo$9280091 997 $aUNISALENTO 998 $ale001$b12-07-04$cm$da $e-$fita$git $h0$i1 LEADER 04362nam 22006975 450 001 9910946349303321 005 20260407101336.0 010 $a9783031608070 010 $a3031608070 024 7 $a10.1007/978-3-031-60807-0 035 $a(MiAaPQ)EBC31876248 035 $a(Au-PeEL)EBL31876248 035 $a(CKB)37188983100041 035 $a(DE-He213)978-3-031-60807-0 035 $a(OCoLC)1493053227 035 $a(EXLCZ)9937188983100041 100 $a20250111d2024 u| 0 101 0 $aeng 135 $aurcnu|||||||| 181 $ctxt$2rdacontent 182 $cc$2rdamedia 183 $acr$2rdacarrier 200 10$aAntimicrobials in Livestock 2: Choices of Prevention and Treatment $eA European Perspective /$fedited by Lucie Pokludová 205 $a1st ed. 2024. 210 1$aCham :$cSpringer Nature Switzerland :$cImprint: Springer,$d2024. 215 $a1 online resource (679 pages) 225 0 $aBiomedical and Life Sciences Series 311 08$a9783031608063 311 08$a3031608062 327 $aChoice of the Antimicrobial Drug and Dosing Schedules Optimisation Using PK/PD Characteristics -- Swine -- Poultry -- Cattle -- Antimicrobial Considerations for Horses. 330 $aThis second volume of the two-volumes work ?Antimicrobials in Livestock? offers an in-depth look at the antimicrobials commonly used in veterinary medical care of the major food producing animals pigs, poultry and cattle as well as horses, bringing to readers? attention also pharmacokinetic and pharmacodynamic characteristics of these drugs. The individual chapters also provide a brief description of preventive tools as well as alternatives to conventional treatment options that could help minimise the use of antibiotics and combat the problems caused by increasing antimicrobial resistance. The focus is on Europe, without neglecting the global context. The complete two-volumes provide an extensive review of various aspects related to the use of antimicrobials in veterinary medicine. Volume I explores the use of antimicrobials in animals from the regulatory, practical as well scientific perspective and is targeted on EU policies and regulatory surroundings, providing also information on risks linked to the extensive use of antibiotics in livestock and highlighting importance of methods of laboratory testing for susceptibility and resistance, starting from phenotype tests and moving towards genetic analysis results providing molecular biology aspects. Each chapter confronts the reader with open questions to stimulate further discussions and future research on the topics covered. Volume II more specifically discusses medical aspects necessary for targeted, responsible, and evidence-based use of antimicrobials in cattle, pigs, poultry, and horses, as well as pharmacokinetics and pharmacodynamics as two of the most important factors necessary for proper dosing schedule setting of effective treatment. While the preface of the first volume started with questions, Volume II?s preface ends with them, having the intention to provoke more in depth and innovative thinking and might be the start of a new era, which is needed to keep antimicrobials working and available for the future generations both in human and veterinary medicine. 606 $aMedical microbiology 606 $aVeterinary medicine 606 $aFood$xMicrobiology 606 $aMedical Microbiology 606 $aVeterinary Science 606 $aFood Microbiology 606 $aRamaderia$2thub 606 $aAntibiòtics$2thub 606 $aMicrobiologia dels aliments$2thub 606 $aFarmacologia veterinària$2thub 608 $aLlibres electrònics$2thub 615 0$aMedical microbiology. 615 0$aVeterinary medicine. 615 0$aFood$xMicrobiology. 615 14$aMedical Microbiology. 615 24$aVeterinary Science. 615 24$aFood Microbiology. 615 7$aRamaderia 615 7$aAntibiòtics 615 7$aMicrobiologia dels aliments 615 7$aFarmacologia veterinària 676 $a636.08951 700 $aPokludova?$b Lucie$01803001 801 0$bMiAaPQ 801 1$bMiAaPQ 801 2$bMiAaPQ 906 $aBOOK 912 $a9910946349303321 996 $aAntimicrobials in Livestock 2: Choices of Prevention and Treatment$94349484 997 $aUNINA